World Leaders: 1960s - Statistics

General Stats
  • This quiz has been taken 44 times
  • The average score is 11 of 15
Answer Stats
Picture Hint Answer % Correct
Cuba Fidel Castro
100%
United States John F. Kennedy
100%
China Mao Zedong
100%
France Charles de Gaulle
95%
Vietnam Ho Chi Minh
95%
United States Lyndon B. Johnson
95%
Soviet Union Nikita Khrushchev
88%
Soviet Union Leonid Brezhnev
85%
Egypt Gamal Abdel Nasser
80%
West Germany Konrad Adenauer
56%
United Kingdom Harold Wilson
51%
Jordan King Hussein of Jordan
44%
East Germany Walter Ulbricht
32%
Czechoslovakia Alexander Dubček
20%
Israel Levi Eshkol
10%
No matching quizzes found
Score Distribution
Percent of People with Each Score
Percentile by Number Answered
Your Score History
You have not taken this quiz